Statistics for Chelsea All Time English Goalscorers

Click here to take the quiz!

General Stats

  • This quiz has been taken 45 times
  • The average score is 4 of 10

Answer Stats

GoalsAnswer% Correct
147Lampard
98%
41Terry
88%
28Cole
79%
13Cahill
55%
33Wise
50%
13Sturridge
31%
21Stein
17%
17Peacock
12%
13Furlong
7%
9Harford
2%

Score Distribution

Percentile by Number Answered

Percent of People with Each Score

Your Score History

You have not taken this quiz